000 00533nam a2200181Ia 4500
999 _c16527
_d16527
003 OSt
005 20200606115935.0
008 190216s9999||||xx |||||||||||||| ||und||
020 _a8188358185
040 _cMESKC library
082 _a891.431
_bNID/S
100 _aNidaria, Bhagwati Prasad
_9411
245 0 _aSant Kavi Raidas /
_cBhagwati Prasad Nidaria
260 _bIndraprastha International,
_c2007.
_aDelhi:
300 _a160p
650 _aHindi
942 _cBK
_2ddc
_h891.431
_iNID/S
_k891.431
_mNID/S